Countries that did not Recognize Maduro - Statistics

General Stats
  • This quiz has been taken 10 times
    7 since last reset
  • The average score is 44 of 64
Answer Stats
Answer % Correct
Albania
80%
Argentina
80%
Austria
80%
Belgium
80%
Bosnia and Herzegovina
80%
Brazil
80%
Bulgaria
80%
Canada
80%
Chile
80%
Colombia
80%
Dominican Republic
80%
Ecuador
80%
Finland
80%
France
80%
Greece
80%
Guatemala
80%
Hungary
80%
Ireland
80%
Italy
80%
Japan
80%
Netherlands
80%
Norway
80%
Paraguay
80%
Peru
80%
Poland
80%
Portugal
80%
Spain
80%
Sweden
80%
Ukraine
80%
United Kingdom
80%
United States
80%
Uruguay
80%
Australia
60%
Croatia
60%
Cyprus
60%
Czech Republic
60%
Denmark
60%
El Salvador
60%
Estonia
60%
Georgia
60%
Germany
60%
Guyana
60%
Haiti
60%
Iceland
60%
Latvia
60%
Lithuania
60%
Luxembourg
60%
Mexico
60%
Moldova
60%
Montenegro
60%
New Zealand
60%
North Macedonia
60%
Panama
60%
Romania
60%
Slovakia
60%
Slovenia
60%
South Korea
60%
Suriname
60%
Vatican City
60%
Costa Rica
40%
Israel
40%
Jamaica
40%
Malta
40%
Morocco
20%
No matching quizzes found
Score Distribution
Percent of People with Each Score
Percentile by Number Answered
Your Score History
You have not taken this quiz since the last reset